[Event "Mechanics' Peter Grey TNM; G/2 d5"]
[Site "San Francisco"]
[Date "2017.08.29"]
[Round "4.37"]
[White "Boldi, Nicholas"]
[Black "Chan, John"]
[Result "1/2-1/2"]
[WhiteElo "1250"]
[BlackElo "1564"]
[PlyCount "102"]
[EventDate "2017.??.??"]

1. e4 e6 2. d4 d5 3. exd5 exd5 4. c4 Nf6 5. Nf3 Be7 6. Nc3 O-O 7. Be2 Bb4 8.
Bd2 Bxc3 9. bxc3 c6 10. O-O dxc4 11. Bxc4 b5 12. Bb3 Bg4 13. a4 a5 14. h3 Bh5
15. Bg5 h6 16. Bh4 Nbd7 17. Ra2 g5 18. g4 Bg6 19. Bg3 Ne4 20. Qc1 Nxg3 21. fxg3
Qc7 22. Kh2 Rae8 23. Nxg5 hxg5 24. Qxg5 Kg7 25. axb5 f6 26. Qf4 Qxf4 27. Rxf4
cxb5 28. Rxa5 Re2+ 29. Kg1 Rd2 30. Rxb5 Re8 31. Rf1 Kh6 32. Bc4 Re3 33. Rf2
Rxg3+ 34. Kf1 Rd1+ 35. Ke2 Rc1 36. Be6 Rcxc3 37. Bxd7 Bd3+ 38. Kd1 Bxb5 39.
Bxb5 Rxh3 40. Rxf6+ Kg5 41. Rf2 Kxg4 42. Bd7+ Kg3 43. Bxh3 Kxf2 44. Bf5 Ke3 45.
d5 Rc5 46. Be6 Rc4 47. Bf7 Rd4+ 48. Kc2 Ke4 49. Kc3 Ke5 50. Be6 Rh4 51. Kd3 Kd6
1/2-1/2

[Event "Mechanics' Peter Grey TNM; G/2 d5"]
[Site "San Francisco"]
[Date "2017.10.03"]
[Round "9.12"]
[White "Boldi, Nicholas"]
[Black "Greene, Sam"]
[Result "0-1"]
[WhiteElo "1250"]
[BlackElo "1507"]
[PlyCount "82"]
[EventDate "2017.??.??"]

1. e4 c5 2. Nf3 d6 3. Nc3 Nf6 4. d4 cxd4 5. Nxd4 a6 6. a4 e5 7. Nf3 Be7 8. Be3
Ng4 9. Nd5 Nxe3 10. Nxe3 Be6 11. Nd5 Bxd5 12. Qxd5 Qb6 13. b3 Nd7 14. Bc4 O-O
15. O-O Nf6 16. Qd3 Rac8 17. h3 Nh5 18. Qe3 Qxe3 19. fxe3 Nf6 20. Bd3 Rc3 21.
Rfe1 Rc7 22. Nd2 Nd7 23. Bc4 Nf6 24. Bd3 Rfc8 25. Rac1 d5 26. exd5 Nxd5 27. Bc4
Nc3 28. Nb1 Ne4 29. Bd3 Nf6 30. e4 Nh5 31. Bc4 Bh4 32. Re2 Ng3 33. Ree1 Nh5 34.
Re2 Nf4 35. Re3 Bg5 36. Rd1 Nxg2 37. Rg3 Ne3 38. Rd2 Nxc4 39. Rdg2 Bf6 40. bxc4
Rxc4 41. Rf3 Kf8 {Black won shortly. Remaining moves unavailable.} 0-1

[Event "Mechanics' Fall TNM; G/2 d5"]
[Site "San Francisco"]
[Date "2017.10.24"]
[Round "1.26"]
[White "Boldi, Nicholas"]
[Black "Melville, Cailen"]
[Result "0-1"]
[WhiteElo "1355"]
[BlackElo "1844"]
[PlyCount "68"]
[EventDate "2017.??.??"]

1. e4 e6 2. d4 d5 3. exd5 exd5 4. c4 Bb4+ 5. Bd2 Bxd2+ 6. Nxd2 Ne7 7. Ngf3 Nbc6
8. Qb3 dxc4 9. Bxc4 O-O 10. Qc3 Nf5 11. O-O-O Nfxd4 12. Nf1 b5 13. Bxb5 Qd5 14.
Bxc6 Ne2+ 15. Kc2 Bf5+ 16. Rd3 Bxd3+ 17. Kd2 Nxc3 18. Bxd5 Nxd5 19. Kxd3 Rab8
20. b3 Nb4+ 21. Kc3 Nxa2+ 22. Kb2 Nb4 23. Ne5 Rfe8 24. Ng4 Re2+ 25. Kc3 f5 26.
Ng3 Rc2+ 27. Kd4 fxg4 28. Rf1 Re8 29. Ne4 c5+ 30. Ke3 Rc3+ 31. Kd2 Rd3+ 32. Kc1
Rxe4 33. Kb2 Re2+ 34. Ka3 Ra2# 0-1

[Event "Mechanics' Summer TNM; G/2 d5"]
[Site "San Francisco"]
[Date "2017.06.27"]
[Round "6.36"]
[White "Boldi, Nicholas"]
[Black "Morgan, Jerry D"]
[Result "0-1"]
[WhiteElo "1115"]
[BlackElo "1577"]
[PlyCount "134"]
[EventDate "2017.??.??"]

1. e4 Nf6 2. Nc3 e5 3. Nf3 Nc6 4. Bb5 Nd4 5. Nxe5 Qe7 6. Nf3 Nxb5 7. Nxb5 Qc5
8. Nc3 Be7 9. d3 Ng4 10. O-O O-O 11. d4 Qa5 12. e5 d6 13. h3 dxe5 14. hxg4 Bxg4
15. dxe5 c6 16. Qd3 Bxf3 17. Qxf3 Qxe5 18. Bf4 Qf6 19. Qg3 Qf5 20. Rae1 Bf6 21.
Rc1 Rfe8 22. Bd2 Rad8 23. Qf4 Qh5 24. Qf3 Qxf3 25. gxf3 Rxd2 26. Ne4 Rd5 27.
Rfe1 Re6 28. Nxf6+ gxf6 29. Rxe6 fxe6 30. Re1 Kf7 31. Kg2 Rd2 32. Rh1 Kg6 33.
Rc1 Kg5 34. Kg3 e5 35. Kh3 Rxf2 36. Kg3 Rd2 37. a4 a5 38. b3 f5 39. c4 Rd3 40.
Rb1 e4 41. b4 Rxf3+ 42. Kg2 Rc3 43. bxa5 Rc2+ 44. Kf1 Rxc4 45. Rxb7 Rxa4 46.
Rxh7 Kg4 47. Rc7 Kf3 48. Ke1 Ra1+ 49. Kd2 e3+ 50. Kd3 Ra3+ 51. Kc2 Rxa5 52.
Rxc6 Ra2+ 53. Kb1 Rg2 54. Rc3 Kf2 55. Rc5 f4 56. Rf5 f3 57. Kc2 Ke1+ 58. Kd3 f2
59. Kxe3 f1=Q 60. Rxf1+ Kxf1 61. Kf3 Re2 62. Kf4 Kg2 63. Kf5 Kg3 64. Kf6 Kg4
65. Kf7 Kg5 66. Kf8 Kg6 67. Kg8 Re8# 0-1

[Event "Mechanics' Winter TNM; G/2"]
[Site "San Francisco"]
[Date "2017.01.24"]
[Round "4.44"]
[White "Boldi, Nicholas"]
[Black "Robertson, Terrance"]
[Result "0-1"]
[WhiteElo "1202"]
[BlackElo "1380"]
[PlyCount "114"]
[EventDate "2017.??.??"]

1. e4 e5 2. Nf3 Nf6 3. Nc3 Nc6 4. Bb5 Bb4 5. d3 d6 6. Bd2 O-O 7. O-O Bd7 8. Bg5
Bxc3 9. bxc3 h6 10. Bh4 Qe7 11. Nd2 Nd8 12. Bxd7 Qxd7 13. Bxf6 gxf6 14. Qf3 Qe7
15. Rfe1 Ne6 16. Re3 Nf4 17. Qg4+ Kh7 18. Qf5+ Ng6 19. Rh3 Kg7 20. Re1 Rh8 21.
Ree3 Rag8 22. Reg3 Qd8 23. d4 Kf8 24. d5 Nf4 25. Rxg8+ Kxg8 26. Qg4+ Kf8 27.
Re3 Rg8 28. Qf3 Nxg2 29. Kh1 Nxe3 30. Qxe3 b6 31. Qxh6+ Ke7 32. f4 Rg6 33. Qh4
Qg8 34. Nf3 Rg2 35. fxe5 dxe5 36. Qh3 Rxc2 37. Qf1 Rxa2 38. c4 Qg4 39. h3 Qxe4
40. h4 Ra3 41. h5 Qxf3+ 42. Qxf3 Rxf3 43. Kg2 Rc3 44. d6+ cxd6 45. h6 Kf8 46.
h7 Kg7 47. c5 dxc5 48. Kf2 Kxh7 49. Ke2 b5 50. Kd2 b4 51. Ke2 a5 52. Kd2 a4 53.
Ke2 a3 54. Kd2 a2 55. Ke2 a1=Q 56. Kf2 Qb2+ 57. Ke1 Rc1# 0-1

[Event "Mechanics' Summer TNM; G/2 d5"]
[Site "San Francisco"]
[Date "2017.05.30"]
[Round "2.37"]
[White "Boldi, Nicholas"]
[Black "Touset, Stephen Ka"]
[Result "0-1"]
[WhiteElo "1115"]
[BlackElo "1513"]
[Annotator "Donaldson"]
[PlyCount "66"]
[EventDate "2017.??.??"]

1. e4 d6 2. d3 Nf6 3. Nc3 c5 4. Bd2 g6 5. Be2 Bg7 6. h3 (6. Nf3 Bg4 7. h3 Bxf3
8. Bxf3) 6... Nc6 7. Nf3 O-O 8. Nh2 (8. O-O) (8. Qc1) 8... d5 9. exd5 Nxd5 10.
Nxd5 (10. O-O) 10... Qxd5 11. O-O (11. Bf3 Qe5+) (11. c3) 11... Bxb2 12. Bf3
Qd6 13. Rb1 Be5 14. Ng4 Bg7 15. Be3 h5 16. Nh6+ (16. Nh2 Be5 17. g3 Bxh3 (17...
h4 18. Bxc6) (17... Bxg3 $2 18. fxg3 Qxg3+ 19. Kh1) 18. Re1 h4) 16... Kh7 17.
Qd2 f5 18. Nxf5 Bxf5 19. Rxb7 Bxh3 20. Bxc6 Qxc6 21. f3 Qxb7 22. gxh3 Rxf3 23.
Rxf3 Qxf3 24. Bxc5 Rf8 25. Qe1 Rf5 26. Bxe7 Bd4+ 27. Kh2 Re5 28. Bh4 Rxe1 29.
Bxe1 Qe2+ 30. Kg3 Qxe1+ 31. Kf3 Qe3+ 32. Kg2 Qf2+ 33. Kh1 Qg1# 0-1

[Event "Mechanics' Summer TNM; G/2 d5"]
[Site "San Francisco"]
[Date "2017.07.18"]
[Round "8.38"]
[White "Boldi, Nicholas"]
[Black "Valente, Marty J"]
[Result "1-0"]
[WhiteElo "1115"]
[BlackElo "1334"]
[Annotator "Donaldson"]
[PlyCount "53"]
[EventDate "2017.??.??"]

1. e4 c5 2. Nf3 d6 3. Be2 Nf6 4. d3 e5 5. c3 Nc6 6. Be3 Be7 7. h3 h6 8. a3 O-O
9. O-O Be6 10. c4 Nh7 11. Nc3 a6 12. Ne1 f5 13. exf5 Bxf5 14. Nd5 Bg5 15. Qc1
Nd4 16. Bd1 Qd7 17. Bxg5 Nxg5 18. Nb6 Qe6 19. Nxa8 Rxa8 (19... Bxh3 20. f4 $1)
20. Qe3 Rf8 21. Nf3 Nxh3+ 22. gxh3 Bxh3 23. Nxd4 Qg6+ 24. Qg3 Qxg3+ 25. fxg3
Rxf1+ 26. Kh2 {Diagram [#]} cxd4 $4 (26... Bg4 $1 $15) 27. Kxh3 1-0

[Event "Mechanics' Winter TNM; G/2"]
[Site "San Francisco"]
[Date "2017.01.03"]
[Round "1.25"]
[White "Boldi, Nicholas"]
[Black "Wonsever, James"]
[Result "0-1"]
[WhiteElo "1202"]
[BlackElo "1827"]
[PlyCount "68"]
[EventDate "2017.??.??"]

1. e4 e5 2. Nf3 Nc6 3. Bc4 Bc5 4. Nc3 Nf6 5. d3 d6 6. Bg5 Be6 7. Nd5 Bxd5 8.
Bxd5 O-O 9. c3 Qe7 10. a4 a6 11. d4 exd4 12. b4 Ba7 13. cxd4 Nxb4 14. Bxf6 Qxf6
15. e5 dxe5 16. Bxb7 Rab8 17. Be4 exd4 18. O-O c5 19. Qc1 h6 20. Bb1 Rfd8 21.
Qc4 Rb7 22. Ne1 Qe6 23. Qc1 c4 24. Nc2 Nxc2 25. Qxc2 d3 26. Qd2 Qe2 27. Qa5
Rbd7 28. Rc1 Bxf2+ 29. Kh1 d2 30. Bc2 dxc1=Q+ 31. Rxc1 Rd1+ 32. Rxd1 Rxd1+ 33.
Bxd1 Qxd1+ 34. Qe1 Qxe1# 0-1

[Event "Mechanics' Peter Grey TNM; G/2 d5"]
[Site "San Francisco"]
[Date "2017.08.08"]
[Round "1.28"]
[White "Boldi, Nicholas"]
[Black "Yanofsky, Kevin"]
[Result "0-1"]
[WhiteElo "1250"]
[BlackElo "1771"]
[Annotator "Donaldson"]
[PlyCount "86"]
[EventDate "2017.??.??"]

1. e4 c5 2. Nf3 g6 3. Bb5 a6 4. Ba4 Bg7 (4... b5 5. Bb3 c4) 5. Bb3 b5 6. a3 Bb7
7. d3 Nf6 8. Be3 d6 9. h3 O-O 10. a4 Nc6 11. Nc3 b4 12. Ne2 Rc8 13. c3 Nd7 14.
Rc1 Nde5 15. Nxe5 Nxe5 16. cxb4 cxb4 17. Rxc8 Qxc8 18. f4 Nd7 19. Qd2 Nc5 20.
Bc2 a5 21. b3 d5 22. e5 f6 23. exf6 Bxf6 24. h4 Ne6 25. Rh2 Ng7 26. g3 Nf5 27.
Bf2 Qe6 28. Kd1 d4 29. Kc1 Rc8 30. Kb2 Ne3 31. Bd1 Bf3 32. Qe1 Nxd1+ 33. Qxd1
Qxe2+ 34. Qxe2 Bxe2 35. Ka2 Bxd3 36. Bg1 Rc2+ 37. Rxc2 Bxc2 38. Kb2 d3+ 39. Kc1
Bc3 40. Bb6 Bxb3 41. Be3 Bc2 42. g4 b3 43. Bd4 b2# 0-1

[Event "Mechanics' Spring TNM; G/2"]
[Site "San Francisco"]
[Date "2017.04.04"]
[Round "4.29"]
[White "Boldi, Nicholas Ar"]
[Black "Sherwood, Peter"]
[Result "0-1"]
[WhiteElo "1126"]
[BlackElo "1703"]
[Annotator "Sherwood"]
[PlyCount "108"]
[EventDate "2017.??.??"]

1. e4 c5 2. Nf3 d6 3. Nc3 Nf6 4. d3 Nc6 5. Bd2 e6 6. Be2 Be7 7. O-O O-O 8. Be3
a6 9. h3 b5 10. Nb1 Bb7 11. Re1 Qc7 12. Nbd2 Rfd8 13. Nf1 d5 14. exd5 Nxd5 15.
Bd2 h6 16. Ng3 Nf6 17. Bf1 Bd6 18. Nh1 Ne5 19. Nxe5 Bxe5 20. g3 (20. Rb1 $4
Bh2#) 20... Qc6 21. f3 Bxb2 22. Rb1 Bd4+ 23. Be3 Bxe3+ 24. Rxe3 Nd5 25. Re1 Nc3
26. Qd2 Nxb1 27. Rxb1 Rd7 (27... Qxf3 $142 28. Bg2 Qxg2+ 29. Qxg2 Bxg2 30. Kxg2
) 28. Bg2 Rad8 29. Re1 c4 30. Re3 cxd3 31. cxd3 Rc8 32. Re1 Qc2 33. Qxc2 Rxc2
34. Nf2 Rxa2 35. Kh2 $2 Rxf2 36. Rd1 Bxf3 37. Rg1 Rxd3 38. Kh1 Bxg2+ (38...
Rdd2 39. Kh2 Bxg2 40. Rxg2 Rxg2+ 41. Kh1 Rge2 42. Kg1 Rd1#) 39. Rxg2 Rxg2 40.
Kxg2 Kf8 41. Kf2 Ke7 42. Kg2 Kf6 43. h4 Kf5 44. Kh3 h5 45. Kg2 Kg4 46. Kh2 Rd2+
47. Kg1 Kxg3 48. Kf1 Kf3 49. Ke1 Rh2 50. Kd1 Ke3 51. Kc1 Kd3 52. Kb1 Kc3 53.
Ka1 Kb3 54. Kb1 Rh1# 0-1

[Event "Mechanics' Spring TNM; G/2"]
[Site "San Francisco"]
[Date "2017.04.18"]
[Round "6.43"]
[White "Boldi, Nicholas Armen"]
[Black "Enkh, Tergelsar"]
[Result "0-1"]
[WhiteElo "1126"]
[BlackElo "1447"]
[PlyCount "62"]
[EventDate "2017.??.??"]

1. e4 e5 2. Nf3 Nc6 3. Bc4 Nf6 4. Ng5 d5 5. exd5 Na5 6. Bb5+ c6 7. dxc6 bxc6 8.
Ba4 h6 9. Nf3 e4 10. Ng1 Bc5 11. h3 Qb6 12. Qe2 Ba6 13. d3 Qb4+ 14. c3 Qxa4 15.
b4 Bxb4 16. cxb4 Nb3 17. Qd1 Qxb4+ 18. Bd2 Nxd2 19. Nxd2 Bxd3 20. Qc1 Rc8 21.
Qd1 O-O 22. Ne2 Rcd8 23. a3 Qa5 24. Ra2 {Diagram [#]} e3 $1 25. fxe3 Qg5 26.
Nf1 Bc4 27. Rd2 Ne4 28. Rxd8 Rxd8 29. Qa4 Bxe2 30. Kxe2 Qxg2+ 31. Ke1 Qf2# 0-1

[Event "Mechanics' Fall TNM; G/2 d5"]
[Site "San Francisco"]
[Date "2017.12.12"]
[Round "8.30"]
[White "Boldt, Tim"]
[Black "Campers Jr, Willie"]
[Result "0-1"]
[WhiteElo "1156"]
[BlackElo "1628"]
[PlyCount "96"]
[EventDate "2017.??.??"]

1. e4 c5 2. d4 cxd4 3. c3 dxc3 4. Nxc3 a6 5. Nf3 b5 6. Bd3 Bb7 7. O-O Nc6 8.
Qb3 e6 9. Re1 Na5 10. Qd1 Be7 11. Bf4 d6 12. Rc1 Rc8 13. b4 Nc4 14. a4 Nb2 15.
Qe2 Nxd3 16. Qxd3 bxa4 17. Nxa4 Nf6 18. h3 O-O 19. e5 Nd5 20. Bd2 dxe5 21. Nc5
Bxc5 22. bxc5 f6 23. Qb3 Bc6 24. Ra1 Bb5 25. Ba5 Qd7 26. Rac1 Rc6 27. Nd2 Nf4
28. Ne4 Qd5 29. Rc3 Ne2+ 30. Rxe2 Bxe2 31. Qa4 Qd1+ 32. Qxd1 Bxd1 33. Bb6 Rb8
34. Ra3 Be2 35. Rg3 Kf8 36. Nc3 Bb5 37. Nxb5 axb5 38. Rb3 Rcxb6 39. cxb6 Rxb6
40. f3 Ke7 41. Kf2 Kd6 42. Ke3 b4 43. Kd3 Kc5 44. Rb1 Rd6+ 45. Kc2 Kc4 46. Ra1
b3+ 47. Kb2 Rd2+ 48. Ka3 Kc3 0-1

[Event "Mechanics' Fall TNM; G/2 d5"]
[Site "San Francisco"]
[Date "2017.11.28"]
[Round "6.31"]
[White "Boldt, Tim"]
[Black "Chen, Bryant Alan"]
[Result "1-0"]
[WhiteElo "1156"]
[BlackElo "1603"]
[PlyCount "53"]
[EventDate "2017.??.??"]

1. e4 c5 2. d4 cxd4 3. c3 g6 4. Nf3 Bg7 5. Bc4 Nc6 6. O-O dxc3 7. Nxc3 d6 8.
Qe2 Qa5 9. Bd2 Nf6 10. h3 O-O 11. Rfe1 Ne5 12. Nd5 Qd8 13. Nxe5 dxe5 14. Red1
Nxd5 15. Bxd5 e6 16. Bb3 Qf6 17. Bb4 Rd8 18. Rxd8+ Qxd8 19. Rd1 Qh4 20. Qd2 Bf6
21. Qd6 Bd7 22. Qxd7 Rd8 23. Qxb7 Rd4 24. Qb8+ Bd8 25. Rxd4 exd4 26. Qd6 Qh6
27. Qxd8+ 1-0

[Event "Mechanics' Fall TNM; G/2 d5"]
[Site "San Francisco"]
[Date "2017.11.21"]
[Round "5.37"]
[White "Boldt, Tim"]
[Black "McEnroe, Glenn"]
[Result "1-0"]
[WhiteElo "1156"]
[BlackElo "1500"]
[Annotator "Donaldson"]
[PlyCount "149"]
[EventDate "2017.??.??"]

1. e4 e6 2. d4 d5 3. Nd2 Nf6 4. e5 Nfd7 5. Ngf3 c5 6. c3 Nc6 7. Bd3 Qb6 8. O-O
cxd4 9. cxd4 Nxd4 10. Nxd4 Qxd4 11. Nf3 Qb6 12. Re1 f6 13. Qa4 (13. Be3) 13...
Qb4 14. Qc2 Nxe5 {Diagram [#]} 15. Qe2 $2 (15. Rxe5 fxe5 16. Bxh7 $11) 15...
Nxf3+ 16. gxf3 Kf7 (16... Bd6) 17. Bd2 Qh4 (17... Qb6) 18. Rac1 (18. Bf5 e5)
18... Bd6 19. f4 e5 20. f3 Bh3 21. Rc2 Rhe8 22. Bb5 Re7 23. Qd3 Be6 $2 (23...
Rd8) 24. f5 Qd4+ $2 (24... e4) 25. Qxd4 exd4 26. fxe6+ Rxe6 27. Bd3 g6 28. Rxe6
Kxe6 29. Be1 b6 30. Bg3 Bc5 31. a3 a5 32. Bc7 Kd7 33. Bg3 a4 34. Bb5+ Kd8 35.
Kg2 Ra5 36. Bc6 d3 37. Rd2 Bd4 38. Rxd3 Bxb2 39. Re3 Be5 40. Bxe5 fxe5 41. Rxe5
Kc7 42. Be8 Kd6 43. Re1 g5 44. Rb1 Kc5 45. Rb4 b5 46. Bd7 d4 47. Bf5 h6 48. Kf2
Ra6 49. Ke2 Rf6 50. Bd3 Re6+ 51. Kd2 Rb6 52. Bc2 Rf6 53. Be4 h5 54. Kd3 Rd6 55.
Rb1 Rb6 56. Rc1+ Kd6 57. Kxd4 b4 58. axb4 Rxb4+ 59. Rc4 Rxc4+ 60. Kxc4 Ke5 61.
Bg6 h4 62. Bh5 Kf4 63. h3 Ke5 64. Kb4 Kf4 65. Kxa4 Ke5 66. Kb4 Kd4 67. Bg4 Kd5
68. Kc3 Ke5 69. Kd3 Kf4 70. Bh5 Kg3 71. Bg4 Kf4 72. Kd4 Kg3 73. Ke5 Kg2 74. Kf5
Kh2 75. Kxg5 1-0

[Event "Mechanics' Spring TNM; G/2"]
[Site "San Francisco"]
[Date "2017.04.04"]
[Round "4.17"]
[White "Brown, Nicholas"]
[Black "Abraham, Michael D"]
[Result "1-0"]
[WhiteElo "1528"]
[BlackElo "1527"]
[Annotator "Donaldson"]
[PlyCount "103"]
[EventDate "2017.??.??"]

1. d4 d5 2. c4 c6 3. Nf3 Nf6 4. Nc3 Bf5 $2 {Diagram [#]} 5. e3 $6 (5. cxd5 cxd5
6. Qb3 Qb6 (6... b6 7. Bg5 e6 8. e4 $1 dxe4 9. Bb5+ Nbd7 10. Ne5 $18) 7. Nxd5
Nxd5 (7... Qxb3 8. Nxf6+ exf6 9. axb3) 8. Qxd5) 5... e6 6. Be2 Nbd7 7. O-O Qc7
8. Qb3 b6 9. Bd2 Bd6 10. Rac1 O-O 11. cxd5 exd5 12. Nb5 Qb8 13. Rxc6 Be7 14.
Nc7 Qb7 15. Rfc1 Rad8 16. Ba6 Qb8 17. Bb4 Bxb4 18. Qxb4 Be4 19. Be2 Ne8 20. Nb5
Ndf6 21. Nc3 Ng4 22. h3 Bxf3 23. hxg4 Bxe2 24. Nxe2 Nf6 25. f3 Rfe8 26. Qc3 Qb7
27. Ng3 Nd7 28. Rc7 Qb8 29. Qc6 Nf8 30. Nf5 Ne6 31. Rb7 Qa8 32. Ne7+ Kf8 33.
Nxd5 Rc8 34. Qd6+ Kg8 35. Ne7+ Kh8 36. Nxc8 Qxb7 37. Qc6 Qxc6 38. Rxc6 Nd8 39.
Rc7 Rxe3 40. Rxa7 Nc6 41. Ra8 Re8 42. Nxb6 Rxa8 43. Nxa8 Nxd4 44. b4 Kg8 45.
Nc7 Nc6 46. b5 Na5 47. a4 Kf8 48. Na6 Nb7 49. Nb4 Na5 50. Nc6 Nxc6 51. bxc6 Ke7
52. a5 1-0

[Event "Mechanics' Winter TNM; G/2"]
[Site "San Francisco"]
[Date "2017.02.07"]
[Round "6.28"]
[White "Brown, Nicholas M"]
[Black "Bachseitz, Martin"]
[Result "0-1"]
[WhiteElo "1528"]
[BlackElo "1790"]
[PlyCount "108"]
[EventDate "2017.??.??"]

1. d4 Nf6 2. c4 g6 3. Nc3 Bg7 4. e4 d6 5. Be2 O-O 6. Nf3 Na6 7. O-O e5 8. d5
Nc5 9. Qc2 a5 10. Be3 Ng4 11. Bxc5 dxc5 12. h3 Nh6 13. Rfd1 f6 14. Rd3 Nf7 15.
Nh2 Nd6 16. Rg3 f5 17. exf5 Nxf5 18. Rd3 Nd4 19. Qd1 Bf5 20. Rd2 Bh6 21. g4 Qg5
22. Nf3 Nxf3+ 23. Bxf3 Qxd2 24. Qxd2 Bxd2 25. gxf5 Bxc3 26. bxc3 gxf5 27. Rb1
e4 28. Be2 b6 29. Kg2 f4 30. Bg4 Rf6 31. Re1 Rg6 32. Kf1 Re8 33. Bh5 Re7 34.
Bxg6 hxg6 35. Rd1 Rd7 36. Re1 Re7 37. Ke2 Kf7 38. Rg1 Kf6 39. h4 Re5 40. Rg4
Rf5 41. Rg1 Rh5 42. Rd1 Ke5 43. Rg1 Kf5 44. Rd1 Rxh4 45. d6 f3+ 46. Ke3 cxd6
47. Rxd6 Rg4 48. Rxb6 Rg1 49. Kd2 Rf1 50. Rc6 Rxf2+ 51. Ke1 Rxa2 52. Rxc5+ Kf4
53. Rd5 Ke3 54. Kd1 f2 0-1

[Event "Mechanics' Fall TNM; G/2 d5"]
[Site "San Francisco"]
[Date "2017.12.12"]
[Round "8.22"]
[White "Brown, Nicholas M"]
[Black "Chalissery, Jossy"]
[Result "0-1"]
[WhiteElo "1496"]
[BlackElo "1704"]
[Annotator "Donaldson"]
[PlyCount "52"]
[EventDate "2017.??.??"]

1. d4 b6 2. e4 Bb7 3. Nd2 e6 4. Ngf3 Nf6 5. Bd3 c5 6. c3 Be7 7. O-O O-O 8. Qc2
g6 9. e5 Nd5 10. a3 cxd4 11. cxd4 Nc6 12. Ne4 f5 13. exf6 Nxf6 14. Bh6 Re8 15.
Nxf6+ Bxf6 {Diagram [#]} 16. Bxg6 $1 Nxd4 (16... hxg6 $2 17. Qxg6+ Kh8 18. Ng5
{wins.}) 17. Bf7+ $5 (17. Bxh7+ Kh8 18. Nxd4 Bxd4 19. Be4) 17... Kh8 18. Nxd4
Bxd4 19. Qd2 $6 (19. Bxe8 Qxe8 20. Rad1) 19... Qf6 20. Bxe8 Rxe8 21. Qf4 (21.
Be3 Bxb2 22. Qxd7) 21... Qg6 22. Qg5 $2 (22. Bg5) (22. Qxd4+ $4 e5) 22... Qc2
$2 (22... Rg8 $1) 23. Rac1 Qxb2 24. Rcd1 $2 (24. Qd2) 24... Rg8 25. Bg7+ Bxg7 (
25... Rxg7 26. Qd8+ Rg8) 26. f3 Bd4+ 0-1

[Event "Mechanics' Spring TNM; G/2"]
[Site "San Francisco"]
[Date "2017.05.02"]
[Round "8.26"]
[White "Brown, Nicholas M"]
[Black "Cohee, James"]
[Result "0-1"]
[WhiteElo "1528"]
[BlackElo "1651"]
[PlyCount "64"]
[EventDate "2017.??.??"]

1. d4 d5 2. c4 c6 3. Nf3 Nf6 4. Nc3 a6 5. e3 Bg4 6. cxd5 Nxd5 7. Bc4 e6 8. O-O
Nd7 9. e4 N5b6 10. Be2 Be7 11. Bf4 O-O 12. b3 Nf6 13. Qd2 Bb4 14. Bg5 Bxc3 15.
Qxc3 Nxe4 16. Bxd8 Nxc3 17. Bxb6 Nxe2+ 18. Kh1 Bxf3 19. gxf3 Nf4 20. Bc7 Nd5
21. Be5 f6 22. Bd6 Rfd8 23. Ba3 Rd7 24. Rae1 Kf7 25. Rg1 Re8 26. Rg4 g5 27. Bb2
Nf4 28. Re3 h5 29. Rg1 h4 30. Rg4 Rd5 31. Rg1 Red8 32. Rge1 c5 0-1

[Event "Mechanics' Summer TNM; G/2 d5"]
[Site "San Francisco"]
[Date "2017.07.11"]
[Round "7.37"]
[White "Brown, Nicholas M"]
[Black "Cunningham, Charles"]
[Result "1-0"]
[WhiteElo "1551"]
[BlackElo "1397"]
[Annotator "Donaldson"]
[PlyCount "41"]
[EventDate "2017.??.??"]

1. d4 e6 2. c4 Bb4+ 3. Bd2 Bxd2+ 4. Nxd2 Nf6 5. Ngf3 O-O 6. e3 b6 7. Bd3 Ba6 8.
O-O d5 9. Qc2 dxc4 10. Nxc4 Bxc4 11. Bxc4 Qd6 12. Bd3 h6 13. Rac1 Rc8 14. e4
Qf4 $2 {The queen is too exposed here.} (14... Qe7) 15. Rfe1 Nbd7 16. e5 Ng4 ({
This loses a piece but} 16... Nd5 {fared no better.} 17. Re4 Qf5 18. Rh4) 17.
h3 Ngxe5 18. Nxe5 Qxd4 19. Bh7+ Kf8 20. Rcd1 Qc5 21. Nxd7+ 1-0

[Event "Mechanics' Summer TNM; G/2 d5"]
[Site "San Francisco"]
[Date "2017.06.13"]
[Round "4.24"]
[White "Brown, Nicholas M"]
[Black "Drane, Robert W"]
[Result "0-1"]
[WhiteElo "1551"]
[BlackElo "1850"]
[PlyCount "88"]
[EventDate "2017.??.??"]

1. d4 f5 2. g3 Nf6 3. Nf3 e6 4. Bg2 Be7 5. O-O O-O 6. c4 d6 7. Nc3 Qe8 8. Bg5
Nc6 9. e3 Bd7 10. Re1 e5 11. dxe5 dxe5 12. Bxf6 Bxf6 13. Nd5 e4 14. Nxc7 $2 Qc8
15. Nxa8 exf3 16. Bxf3 Rd8 17. Bd5+ Kh8 18. Rb1 Qxa8 19. Qf3 Ne5 20. Qe2 Qc8
21. f4 Nc6 22. a3 Re8 23. Qf2 Na5 24. b3 b6 25. Red1 Nb7 26. Qf3 Nc5 27. Qg2
Ne4 28. Bxe4 Rxe4 29. Rd3 Bc6 30. Qd2 Re8 31. Rd1 h6 32. b4 Qe6 33. Qc1 Qe4 34.
Qd2 Qh1+ 35. Kf2 Qxh2+ 36. Kf1 Qh1+ 37. Kf2 Qf3+ 38. Kg1 Qxg3+ 39. Kf1 Bh4 40.
Rd5 Qf3+ 41. Kg1 Bxd5 42. cxd5 Rxe3 43. Rf1 Qg4+ 44. Qg2 Rg3 0-1

[Event "Mechanics' Spring TNM; G/2"]
[Site "San Francisco"]
[Date "2017.03.21"]
[Round "2.41"]
[White "Brown, Nicholas M"]
[Black "Greene, Sam"]
[Result "1/2-1/2"]
[WhiteElo "1528"]
[BlackElo "1466"]
[Annotator "Donaldson"]
[PlyCount "149"]
[EventDate "2017.??.??"]

1. d4 Nf6 2. c4 d6 3. Nc3 Nbd7 4. Nf3 c6 5. e4 Qa5 6. Bd2 Qc7 7. Bd3 e5 8. d5
Nc5 9. Bc2 a5 10. O-O Bg4 11. a3 a4 12. Be3 Nfd7 13. h3 Bh5 14. g4 Bg6 15. Nh4
Be7 16. Nf5 Bxf5 17. exf5 Qd8 18. Nxa4 cxd5 19. cxd5 Nxa4 20. Bxa4 O-O 21. Rc1
Nf6 22. Bb3 Qa5 23. Qd2 Qxd2 24. Bxd2 Rfc8 25. Bg5 h6 26. Bxf6 Bxf6 27. Rc4 b5
28. Rc6 b4 29. a4 e4 30. Re1 Re8 31. Re2 e3 32. fxe3 Bd4 33. Kf2 Bc5 34. Kf3
Re7 35. Bc2 f6 36. b3 Kf7 37. e4 Ke8 38. Bd3 Raa7 39. Bb5 Kf7 40. Ra6 Rab7 41.
Bd3 Red7 42. a5 Rb8 43. Rc6 Ra7 44. Ra2 Ke7 45. a6 Kd7 46. Ra5 Rc8 47. Rxc8
Kxc8 48. Bb5 Kc7 49. Bc4 Kb6 50. Ra2 Rc7 51. Kf4 (51. h4) 51... Ra7 52. h4 Re7
53. Bd3 Ka7 54. Ra5 (54. Rg2) 54... Kb8 55. Rb5+ Kc8 56. g5 Kd8 57. gxf6 gxf6
58. Rb8+ Kc7 59. Rb7+ Kd8 60. Rxe7 $2 Kxe7 61. Kg4 Kf7 62. Kh5 Be3 63. a7 Bxa7
64. Kxh6 Kg8 65. Kg6 Bd4 66. h5 Kh8 67. Kf7 Kh7 68. Ke7 Be5 69. Kd7 Kh6 70. Be2
Bf4 71. Kc6 Kg5 72. Kd7 Kh6 73. Ke6 Be5 74. Ke7 Kg7 75. Bb5 1/2-1/2

[Event "Mechanics' Spring TNM; G/2"]
[Site "San Francisco"]
[Date "2017.04.18"]
[Round "6.37"]
[White "Brown, Nicholas M"]
[Black "Harris, Clarence"]
[Result "1-0"]
[WhiteElo "1528"]
[BlackElo "1400"]
[PlyCount "55"]
[EventDate "2017.??.??"]

1. d4 Nf6 2. c4 g6 3. Nc3 Bg7 4. e4 d6 5. Nf3 O-O 6. Be2 e5 7. dxe5 dxe5 8. O-O
Nc6 9. Bg5 h6 10. Bh4 Be6 11. a3 Qe8 12. Qc2 Nd7 13. Rad1 a6 14. Bg3 Rc8 15.
Nd5 Bxd5 16. cxd5 Nd4 17. Nxd4 exd4 18. b4 Qe7 19. Qb1 Rfe8 20. Bf3 Ne5 21. Be2
Nd7 22. f3 h5 23. Bf2 c5 24. bxc5 Qxc5 25. Qxb7 Ne5 26. Qb4 Qc2 27. Qd2 Nc4 $4
28. Qxc2 1-0

[Event "Mechanics' Winter TNM; G/2"]
[Site "San Francisco"]
[Date "2017.01.10"]
[Round "2.38"]
[White "Brown, Nicholas M"]
[Black "Kondakova, Elena"]
[Result "1-0"]
[WhiteElo "1528"]
[BlackElo "1094"]
[PlyCount "91"]
[EventDate "2017.??.??"]

1. d4 Nf6 2. c4 g6 3. Nc3 Bg7 4. e4 d6 5. Nf3 O-O 6. Be2 e5 7. d5 c6 8. O-O
Nbd7 9. dxc6 bxc6 10. Qxd6 c5 11. Bg5 Bb7 12. Bxf6 Nxf6 13. Qxc5 Bxe4 14. Qe3
Bxf3 15. Bxf3 Rc8 16. Qxe5 Rxc4 17. Rad1 Qb6 18. Qb5 Rb4 19. Qxb6 Rxb6 20. b3
Rc8 21. Nd5 Nxd5 22. Bxd5 Ra6 23. Bb7 Rxa2 24. Bxc8 Bf6 25. Bb7 Kg7 26. Bd5 Ra3
27. Bc4 a5 28. Rd7 Kh6 29. Rxf7 Bb2 30. Rf3 Kh5 31. Bb5 Kh6 32. Ba4 g5 33. g3
g4 34. Rf5 Kg6 35. Rxa5 Kg7 36. Rg5+ Kh6 37. Rxg4 Kh5 38. Re4 Ra2 39. Rd1 Kh6
40. Rd6+ Kg5 41. Rd5+ Kf6 42. Rc4 Ke6 43. Rh5 Kf6 44. Rc6+ Kg7 45. Rd5 Kf8 46.
Rd7 1-0